000 00594nam a2200169Ia 4500
008 180921t2020 xxu||||| |||| 00| 0 sin d
041 _asin
080 _a8-31
_bඇන්ඩෘ
100 _aවර්ජිනියා, ඇන්ඩෘස්
245 _aඅසම්මතය
260 _bවිජේසූරිය ග්‍රන්ථ කේන්ද්‍රය
_aකොළඹ
_c2020
300 _aසෙ.මි.21, පි.424
700 _aචිත්‍රා අයි.පෙරේරා
_eපරි.
942 _cBK
999 _c10665
_d10665
003 LK-CoDNM
040 _aLK-CoDNM
_dLK-CoDNM
_eLK-CoDNM